2024/2025 Premier League Goalscorers: Gameweek 19 - Statistics

General Stats
  • This quiz has been taken 32 times
  • The average score is 22 of 32
Answer Stats
Fixture Club Score Goalscorer % Correct
Leicester v Manchester City Manchester City 2-0 Erling Haaland
96%
Leicester v Manchester City Manchester City 1-0 Savinho
88%
Crystal Palace v Southampton Crystal Palace 2-1 Eberechi Eze
85%
West Ham v Liverpool Liverpool 1-0 Luis Diaz
85%
West Ham v Liverpool Liverpool 3-0 Mohamed Salah
85%
West Ham v Liverpool Liverpool 2-0 Cody Gakpo
81%
West Ham v Liverpool Liverpool 5-0 Diogo Jota
81%
Brentford v Arsenal Arsenal 3-1 Gabriel Martinelli
81%
Aston Villa v Brighton Aston Villa 1-1 Ollie Watkins
81%
Manchester United v Newcastle Newcastle 1-0 Alexander Isak
77%
Brentford v Arsenal Arsenal 1-1 Gabriel Jesus
77%
Manchester United v Newcastle Newcastle 2-0 Joelinton
77%
Everton v Nottingham Forest Nottingham Forest 1-0 Chris Wood
73%
West Ham v Liverpool Liverpool 4-0 Trent Alexander-Arnold
73%
Ipswich v Chelsea Ipswich 1-0 Liam Delap
69%
Fulham v Bournemouth Fulham 1-0 Raul Jimenez
69%
Tottenham v Wolves Tottenham 2-1 Brennan Johnson
65%
Brentford v Arsenal Brentford 1-0 Bryan Mbeumo
65%
Fulham v Bournemouth Fulham 2-1 Harry Wilson
65%
Aston Villa v Brighton Aston Villa 2-1 Morgan Rogers
65%
Ipswich v Chelsea Ipswich 2-0 Omari Hutchinson
65%
Tottenham v Wolves Tottenham 1-1 Rodrigo Bentancur
65%
Fulham v Bournemouth Bournemouth 1-1 Evanilson
62%
Brentford v Arsenal Arsenal 2-1 Mikel Merino
62%
Everton v Nottingham Forest Nottingham Forest 2-0 Morgan Gibbs-White
62%
Tottenham v Wolves Wolves 1-0 Hwang Hee-chan
58%
Aston Villa v Brighton Brighton 1-0 Simon Adingra
58%
Aston Villa v Brighton Brighton 2-2 Tariq Lamptey
58%
Crystal Palace v Southampton Southampton 1-0 Tyler Dibling
58%
Fulham v Bournemouth Bournemouth 2-2 Dango Ouattara
54%
Tottenham v Wolves Wolves 2-2 Jorgen Strand Larsen
54%
Crystal Palace v Southampton Crystal Palace 1-1 Trevor Chalobah
50%
No matching quizzes found
Score Distribution
Percent of People with Each Score
Percentile by Number Answered
Your Score History
You have not taken this quiz